Score 0/20 Timer 05:00
8 Plays Today
Clue Close? % Correct
The number of provinces and territories of Canada???
95%
Countries that end in -stan???
87.4%
The number of countries that have laid a territory claim in Antarctica???
82.1%
Timezones that span China???
79.8%
Member countries that make up the United Nations Security Council???
75.6%
Countries that border the Mediterranean Sea???
72.2%
Countries through which the Equator passes???
67.3%
The number of countries that make up Africa???
61.5%
Degrees Longitude (West) of Dublin, Ireland???
55.2%
The number of states that make up India???
48.7%
Clue Close? % Correct
The number of cantons in Switzerland???
47.2%
Countries that begin with a vowel (excluding Y)???
38%
Degrees Latitude (North) of Moscow, Russia???
35.5%
The number of floors of the Eiffel Tower???
34.2%
Countries located entirely within the southern hemisphere???
34%
Independent countries located entirely on islands???
31.2%
World capitals ending in 'A'???
27.6%
The number of National Parks in the United States???
25%
Ceremonial counties of England???
23.7%
Length of Hadrian's Wall (in miles)???
19.9%
Remove Ads.
Support Sporcle.
Get the best of Sporcle when you Go Orange. This ad-free experience offers more features, more stats, and more fun while also helping to support Sporcle. Thank you for becoming a member.

You're not logged in!

Compare scores with friends on all Sporcle quizzes.
OR
Log In

Show Comments

Extras

Top Quizzes Today


Score Distribution

Your Account Isn't Verified!

In order to create a playlist on Sporcle, you need to verify the email address you used during registration. Go to your Sporcle Settings to finish the process.

Report this User

Report this user for behavior that violates our Community Guidelines.

Details: